| 000 | 01428nam a2200289 a 4500 | ||
|---|---|---|---|
| 001 | 000016386 | ||
| 005 | 20240715140508.0 | ||
| 008 | 100304s2005 dr ac 001 0 spa d | ||
| 020 | _a9993424145 | ||
| 040 |
_aDO-SdBNP _bspa _cBNPHU |
||
| 082 |
_a370.97293 _bE24c |
||
| 245 | 0 | 0 |
_aEducación crítica : _bretos y aportes para que otro mundo sea posible / _cedición Pilar Cachofeiro, Raymundo González. |
| 260 |
_aSanto Domingo : _bCentro Cultural Proveda, _c2005. |
||
| 300 |
_a245 p. : _bil., retrs. ; _c25 cm. |
||
| 490 | 1 |
_aAnuarios Pedagógicos _v8 |
|
| 500 | _aIncluye bibliografía y notas al pie de páginas y al final de capítulos. | ||
| 520 | 2 | _aSe recogen las conferencias, ponencias y comunicaciones presentadas durante el Congreso Pedagógico celebrado en Santo Domingo con motivo de la conmemoración de los 50 años de presencia de la Institución Teresiana en la República Dominicana. | |
| 590 | _aInventariado, 2018/VM | ||
| 650 | 4 |
_aEducación _zRepública Dominicana _xCongresos, conferencias, etc. _935900 |
|
| 650 | 4 |
_aEducación _xAspectos sociales _zRepública Dominicana _xCongresos, conferencias, etc. _936536 |
|
| 650 | 4 |
_aDesarrollo científico y tecnológico _zRepública Dominicana _911803 |
|
| 700 | 1 |
_aCachofeiro, Pilar, _eed. _936537 |
|
| 700 |
_aGonzález, Raymundo _eed. _96373 |
||
| 830 | 0 |
_aAnuarios Pedagógicos _n8 _936538 |
|
| 910 | _aValidado. Control de calidad EMS | ||
| 049 | _aBNPD | ||
| 999 |
_c15921 _d15921 |
||